| 000 | 00448nam a2200169Ia 4500 | ||
|---|---|---|---|
| 008 | 230917s9999||||xx |||||||||||||| ||und|| | ||
| 020 | _cRS0.55 | ||
| 040 |
_e32353 _aMAIN |
||
| 041 | _aEnglish | ||
| 082 | _a658.15 K952F | ||
| 100 | _aKuchhal, S C | ||
| 245 | 0 | _aFinancial management: An analysis and conceptual approach | |
| 250 | _a7th ed. | ||
| 260 |
_aAllahabad _bChaitanya Publishing House _c1980 |
||
| 300 | _axvi, 699 p. | ||
| 942 | _cBK | ||
| 999 |
_c165381 _d165381 |
||